[Event "Regionalliga SO 1011"]
[Site "Bayern"]
[Date "2011.02.06"]
[Round "6.3"]
[White "Neubauer, Andreas"]
[Black "Doerfler, Guenther"]
[Result "1-0"]
[WhiteElo "2069"]
[BlackElo "1997"]
[PlyCount "93"]
[EventDate "2010.10.10"]
[EventType "team-tourn"]
[EventRounds "9"]
[EventCountry "GER"]
[SourceTitle "EXT 2012"]
[Source "ChessBase"]
[SourceDate "2011.11.24"]
[SourceVersion "1"]
[SourceVersionDate "2011.11.24"]
[SourceQuality "1"]
[WhiteTeam "Landshut"]
[BlackTeam "Deggendorf"]
[WhiteTeamCountry "GER"]
[BlackTeamCountry "GER"]

1. Nf3 d5 2. g3 Nf6 3. Bg2 g6 4. b3 Bg7 5. Bb2 0-0 6. 0-0 c5 7. d4 cxd4 8. Nxd4 Nc6 9. Nd2 Re8 10. c4 e5 11. Nb5 d4 12. Ba3 Bf8 13. Bxf8 Rxf8 14. c5 Qa5 15. a4 Be6 16. Rc1 Rfd8 17. Nd6 Qc7 18. N2c4 Bxc4 19. Rxc4 Na5 20. Rc1 Ne8 21. b4 Nc6 22. b5 Na5 23. Nc4 Nxc4 24. Rxc4 Nd6 25. Rc1 Nf5 26. Qb3 Rab8 27. Rc4 Qe7 28. Qc2 Rbc8 29. Rc1 d3 30. exd3 Nd4 31. Qb2 Qf6 32. Bxb7 Rc7 33. Bg2 e4 34. Kh1 exd3 35. Rd1 Qe5 36. Qc3 d2 37. h4 Re7 38. Qxd2 Ne6 39. Qc1 Rxd1+ 40. Qxd1 Nxc5 41. f4 Qe3 42. Kh2 Ne6 43. a5 Kg7 44. Qd6 Kf6 45. b6 axb6 46. axb6 Re8 47. b7 1-0

[Event "Niederbayernliga 0607"]
[Site "Germany"]
[Date "2007.??.??"]
[Round "8.6"]
[White "Doerfler, Guenther"]
[Black "Traxler, Markus"]
[Result "1-0"]
[WhiteElo "1987"]
[BlackElo "1610"]
[PlyCount "59"]
[EventDate "2006.??.??"]
[EventType "team"]
[EventRounds "9"]
[EventCountry "GER"]
[SourceTitle "EXT 2008"]
[Source "ChessBase"]
[SourceDate "2007.11.25"]
[SourceVersion "1"]
[SourceVersionDate "2007.11.25"]
[SourceQuality "1"]
[WhiteTeam "Deggendorf"]
[BlackTeam "Waldkirchen"]
[WhiteTeamCountry "GER"]
[BlackTeamCountry "GER"]

1. e4 e6 2. d4 d5 3. Nd2 Nf6 4. e5 Nfd7 5. c3 c5 6. f4 Nc6 7. Ndf3 Be7 8. Bd3 Rb8 9. Ne2 b5 10. 0-0 b4 11. f5 exf5 12. Bxf5 Nf8 13. Ng3 Be6 14. Nh5 g6 15. Ng7+ Kd7 16. Nxe6 Nxe6 17. Bh3 Ke8 18. Kh1 c4 19. Qc2 Qb6 20. Qf2 Ncd8 21. Qg3 h6 22. Ng1 Ng5 23. Bxg5 Bxg5 24. e6 f5 25. Qe5 Rf8 26. Qxd5 Qc7 27. Nf3 Be7 28. Ne5 Rf6 29. Nd7 Qxh2+ 30. Kxh2 1-0

[Event "Niederbayernliga 0607"]
[Site "Germany"]
[Date "2007.??.??"]
[Round "9.6"]
[White "Stutzke, Christian"]
[Black "Doerfler, Guenther"]
[Result "1/2-1/2"]
[WhiteElo "1784"]
[BlackElo "1987"]
[PlyCount "63"]
[EventDate "2006.??.??"]
[EventType "team"]
[EventRounds "9"]
[EventCountry "GER"]
[SourceTitle "EXT 2008"]
[Source "ChessBase"]
[SourceDate "2007.11.25"]
[SourceVersion "1"]
[SourceVersionDate "2007.11.25"]
[SourceQuality "1"]
[WhiteTeam "Vilshofen"]
[BlackTeam "Deggendorf"]
[WhiteTeamCountry "GER"]
[BlackTeamCountry "GER"]

1. d4 d5 2. Nf3 Nf6 3. e3 c6 4. c4 e6 5. Nbd2 Be7 6. Bd3 Nbd7 7. 0-0 0-0 8. b3 b6 9. Ne5 Nxe5 10. dxe5 Nd7 11. Bb2 Qc7 12. f4 Nc5 13. Bc2 f5 14. exf6 Bxf6 15. Bxf6 Rxf6 16. Qh5 g6 17. Qh4 Qg7 18. b4 Nd7 19. Bb3 Rf8 20. Rac1 Bb7 21. Nf3 Rae8 22. cxd5 exd5 23. Rfe1 Kh8 24. Bc2 Qe7 25. Ng5 Nf6 26. Bxg6 Rd8 27. a3 Ne4 28. Bxe4 dxe4 29. Red1 Rd3 30. Qh3 Rfd8 31. Qh5 R8d5 32. Rxd3 1/2-1/2

[Event "Niederbayernliga 0405"]
[Site "Germany"]
[Date "2005.??.??"]
[Round "7"]
[White "Doerfler, Guenther"]
[Black "Simin, Vladimir"]
[Result "1-0"]
[WhiteElo "2021"]
[BlackElo "1886"]
[PlyCount "55"]
[EventDate "2004.??.??"]
[EventType "team"]
[EventRounds "9"]
[EventCountry "GER"]
[SourceTitle "EXT 2008"]
[Source "ChessBase"]
[SourceDate "2007.11.25"]
[SourceVersion "1"]
[SourceVersionDate "2007.11.25"]
[SourceQuality "1"]
[WhiteTeam "Deggendorf"]
[BlackTeam "Ergolding"]
[WhiteTeamCountry "GER"]
[BlackTeamCountry "GER"]

1. e4 c5 2. Nf3 Nc6 3. Bb5 g6 4. 0-0 Bg7 5. Re1 e6 6. c3 Nge7 7. d4 cxd4 8. cxd4 Qb6 9. Bxc6 Nxc6 10. Nc3 Nxd4 11. Nd5 exd5 12. exd5+ Ne6 13. Be3 Qa6 14. dxe6 dxe6 15. Bc5 Bd7 16. Ne5 Bxe5 17. Rxe5 0-0-0 18. Be7 Rde8 19. Bf6 Rhg8 20. Rc5+ Bc6 21. Qd6 Rd8 22. Bxd8 Rxd8 23. Qf4 Qd3 24. h3 f5 25. Rac1 Qd2 26. Qa4 Qxb2 27. Rxc6+ bxc6 28. Qxc6+ 1-0

[Event "Niederbayernliga 0405"]
[Site "Germany"]
[Date "2004.??.??"]
[Round "2"]
[White "Testor, Sebastian"]
[Black "Doerfler, Guenther"]
[Result "1-0"]
[WhiteElo "2126"]
[BlackElo "2021"]
[PlyCount "109"]
[EventDate "2004.??.??"]
[EventType "team"]
[EventRounds "9"]
[EventCountry "GER"]
[SourceTitle "EXT 2008"]
[Source "ChessBase"]
[SourceDate "2007.11.25"]
[SourceVersion "1"]
[SourceVersionDate "2007.11.25"]
[SourceQuality "1"]
[WhiteTeam "Passau II"]
[BlackTeam "Deggendorf"]
[WhiteTeamCountry "GER"]
[BlackTeamCountry "GER"]

1. d4 d5 2. c4 c6 3. Nc3 Nf6 4. e3 e6 5. Nf3 Nbd7 6. Bd3 Be7 7. 0-0 0-0 8. Re1 Re8 9. b3 b6 10. Bb2 Bb7 11. Qe2 Rc8 12. Rad1 Qc7 13. e4 dxe4 14. Nxe4 Nxe4 15. Bxe4 Bb4 16. Rf1 Bd6 17. Bb1 Nf8 18. Qd3 Rcd8 19. Qc3 f6 20. Rfe1 c5 21. Be4 cxd4 22. Rxd4 Bc5 23. Rxd8 Rxd8 24. Bxb7 Qxb7 25. b4 Be7 26. Nd4 Qd7 27. b5 Qc7 28. Nc6 Rd7 29. g3 Bc5 30. Kg2 Qd6 31. Qf3 Ng6 32. Qg4 Kf7 33. h4 a5 34. h5 Ne7 35. Ne5+ fxe5 36. Bxe5 Qd3 37. Qxg7+ Ke8 38. Qh8+ Kf7 39. Qf6+ Ke8 40. Qh8+ Kf7 41. Qf6+ Ke8 42. Qxe6 Qd2 43. Bf4 Qxf2+ 44. Kh3 Kd8 45. Qe5 Rd4 46. Bg5 Kc8 47. Bxe7 Bxe7 48. Qxe7 Qf5+ 49. Kg2 Qc2+ 50. Re2 Qxc4 51. Qf8+ Rd8 52. Qf5+ Kb8 53. Qe5+ Ka8 54. Qe4+ Qxe4+ 55. Rxe4 1-0

[Event "Niederbayernliga 0304"]
[Site "Germany"]
[Date "2003.??.??"]
[Round "2"]
[White "Spiesberger, Gerhard"]
[Black "Doerfler, Guenther"]
[Result "1/2-1/2"]
[WhiteElo "1947"]
[BlackElo "2023"]
[PlyCount "92"]
[EventDate "2003.??.??"]
[EventType "team"]
[EventRounds "9"]
[EventCountry "GER"]
[SourceTitle "EXT 2008"]
[Source "ChessBase"]
[SourceDate "2007.11.25"]
[SourceVersion "1"]
[SourceVersionDate "2007.11.25"]
[SourceQuality "1"]
[WhiteTeam "Simbach"]
[BlackTeam "Deggendorf"]
[WhiteTeamCountry "GER"]
[BlackTeamCountry "GER"]

1. Nf3 c5 2. g3 Nf6 3. Bg2 g6 4. b3 Bg7 5. Bb2 Nc6 6. c4 0-0 7. 0-0 d6 8. d3 Qc7 9. Nbd2 b6 10. Rb1 Bb7 11. a3 e5 12. Ne4 Nd7 13. Nc3 Ne7 14. e4 Bh6 15. Bc1 Bg7 16. Nd5 Nxd5 17. cxd5 h6 18. Nh4 Kh7 19. Be3 Bc8 20. Rc1 Nf6 21. b4 Qe7 22. Qd2 Nh5 23. Bf3 Nf4 24. bxc5 bxc5 25. Ng2 Nh3+ 26. Kh1 f5 27. Qe2 Ba6 28. Ne1 Ng5 29. Bxg5 Qxg5 30. Rb1 Rf7 31. Nc2 f4 32. a4 Qd8 33. Qd2 h5 34. Na3 Bh6 35. Qc2 fxg3 36. fxg3 h4 37. Nc4 Qd7 38. g4 Raf8 39. Qe2 Bxc4 40. dxc4 Qxa4 41. Kg2 Qa3 42. h3 Qc3 43. Rf2 Rxf3 44. Rxf3 Rxf3 45. Rb7+ Kg8 46. Qxf3 Qc2+ 1/2-1/2

[Event "Niederbayernliga 0203"]
[Site "Germany"]
[Date "2002.??.??"]
[Round "3.3"]
[White "Doerfler, Guenther"]
[Black "Bock, Ortwin"]
[Result "1/2-1/2"]
[WhiteElo "2015"]
[BlackElo "1859"]
[PlyCount "62"]
[EventDate "2002.??.??"]
[EventType "team"]
[EventRounds "9"]
[EventCountry "GER"]
[SourceTitle "EXT 2008"]
[Source "ChessBase"]
[SourceDate "2007.11.25"]
[SourceVersion "1"]
[SourceVersionDate "2007.11.25"]
[SourceQuality "1"]
[WhiteTeam "Deggendorf"]
[BlackTeam "Landshut II"]
[WhiteTeamCountry "GER"]
[BlackTeamCountry "GER"]

1. e4 Nc6 2. d4 d5 3. e5 Bf5 4. Nf3 e6 5. Be2 Be7 6. c3 h5 7. Nbd2 Nh6 8. Nf1 h4 9. Ne3 Be4 10. Bd3 Bxd3 11. Qxd3 Qd7 12. Bd2 0-0-0 13. b4 f6 14. exf6 Bxf6 15. 0-0 Nf7 16. Ng4 e5 17. Ngxe5 Ncxe5 18. dxe5 Nxe5 19. Nxe5 Bxe5 20. Qe3 Bd6 21. Qxa7 Qc6 22. a4 h3 23. g3 d4 24. f3 dxc3 25. Be3 Rhf8 26. b5 Qc4 27. Qa8+ Kd7 28. Qxb7 Qe2 29. Qc6+ Kc8 30. Qb7+ Kd7 31. Qc6+ Kc8 1/2-1/2

[Event "Regionalliga SO 9900"]
[Site "Bayern"]
[Date "1999.??.??"]
[Round "2.4"]
[White "Doerfler, Guenther"]
[Black "Maurer, Jochen"]
[Result "1-0"]
[WhiteElo "2065"]
[BlackElo "2005"]
[PlyCount "133"]
[EventDate "1999.??.??"]
[EventType "team-tourn"]
[EventRounds "9"]
[EventCountry "GER"]
[SourceTitle "EXT 2020"]
[Source "ChessBase"]
[SourceDate "2019.10.17"]
[SourceVersion "1"]
[SourceVersionDate "2019.10.17"]
[SourceQuality "1"]
[WhiteTeam "Deggendorf"]
[BlackTeam "Pang/Rosenheim II"]
[WhiteTeamCountry "GER"]
[BlackTeamCountry "GER"]

1. e4 c5 2. Nf3 d6 3. Bb5+ Bd7 4. Bxd7+ Qxd7 5. 0-0 Nc6 6. c3 d5 7. exd5 Qxd5 8. Qa4 e6 9. d4 Nf6 10. c4 Qd7 11. dxc5 Bxc5 12. a3 0-0 13. Rd1 Qc7 14. b4 Be7 15. Bb2 e5 16. Nbd2 e4 17. Nd4 Ng4 18. Nf1 Qf4 19. Qc2 Nce5 20. Bc1 Qf6 21. h3 Nd3 22. hxg4 Qxd4 23. Be3 Qe5 24. Ng3 Rfd8 25. Rab1 b6 26. Rb3 Rac8 27. Nxe4 Qxe4 28. Rbxd3 Qxg4 29. Rxd8+ Rxd8 30. Rxd8+ Bxd8 31. c5 Qe6 32. c6 Bc7 33. g3 Kf8 34. b5 Ke7 35. Qd3 g6 36. Bd2 h5 37. Bb4+ Kf6 38. Bc3+ Ke7 39. Bb4+ Kf6 40. Kg2 h4 41. Qf3+ Kg7 42. gxh4 Kg8 43. Kg1 Qc4 44. Qh3 Qf4 45. Bc3 Kh7 46. Kg2 Qe4+ 47. Qf3 Qc4 48. h5 Qe6 49. Bd2 f6 50. hxg6+ Kxg6 51. Bf4 Bxf4 52. Qxf4 Qd5+ 53. Kh3 Kf7 54. Qc7+ Ke6 55. Qd7+ Qxd7 56. cxd7 Kxd7 57. Kg4 Ke8 58. Kf5 Kf7 59. f4 Ke7 60. Kg6 Ke6 61. a4 f5 62. Kg5 Kd5 63. Kxf5 Kc4 64. Ke6 Kb4 65. Kd5 Kxa4 66. Kc6 Ka5 67. f5 1-0

[Event "Regionalliga SO 9899"]
[Site "Bayern"]
[Date "1999.??.??"]
[Round "9.5"]
[White "Huber, Hans"]
[Black "Doerfler, Guenther"]
[Result "1/2-1/2"]
[WhiteElo "2008"]
[BlackElo "2025"]
[PlyCount "24"]
[EventDate "1998.??.??"]
[EventType "team-tourn"]
[EventRounds "9"]
[EventCountry "GER"]
[SourceTitle "EXT 2020"]
[Source "ChessBase"]
[SourceDate "2019.10.17"]
[SourceVersion "1"]
[SourceVersionDate "2019.10.17"]
[SourceQuality "1"]
[WhiteTeam "Trostberg TSV"]
[BlackTeam "Deggendorf"]
[WhiteTeamCountry "GER"]
[BlackTeamCountry "GER"]

1. d4 d5 2. Nf3 Nf6 3. c4 c6 4. e3 Bf5 5. Bd3 Bxd3 6. Qxd3 e6 7. 0-0 Nbd7 8. b3 Bd6 9. Bb2 Ne4 10. Nc3 f5 11. Ne2 Qf6 12. Nd2 0-0 1/2-1/2

[Event "Regionalliga SO 9899"]
[Site "Bayern"]
[Date "1999.??.??"]
[Round "5.5"]
[White "Putz, Ernst"]
[Black "Doerfler, Guenther"]
[Result "0-1"]
[WhiteElo "1690"]
[BlackElo "2020"]
[PlyCount "134"]
[EventDate "1998.??.??"]
[EventType "team-tourn"]
[EventRounds "9"]
[EventCountry "GER"]
[SourceTitle "EXT 2020"]
[Source "ChessBase"]
[SourceDate "2019.10.17"]
[SourceVersion "1"]
[SourceVersionDate "2019.10.17"]
[SourceQuality "1"]
[WhiteTeam "Simbach"]
[BlackTeam "Deggendorf"]
[WhiteTeamCountry "GER"]
[BlackTeamCountry "GER"]

1. e4 c5 2. d4 cxd4 3. c3 dxc3 4. Nxc3 d6 5. Bc4 Nc6 6. Nf3 Nf6 7. h3 e6 8. Qe2 Be7 9. 0-0 0-0 10. Rd1 Qa5 11. a3 a6 12. Bf4 Rd8 13. b4 Qh5 14. Rd2 h6 15. Rad1 e5 16. Bg3 b5 17. Bb3 Bf8 18. Nd5 Be6 19. Rc1 Bxd5 20. Bxd5 Nxd5 21. Rxc6 Nf6 22. Qe3 Qg6 23. Bh4 Qxe4 24. Qb6 g5 25. Bg3 Nd5 26. Qb7 Ne7 27. Rc7 Qxb7 28. Rxb7 Nf5 29. Bh2 Rdc8 30. g4 Ng7 31. Nxe5 dxe5 32. Bxe5 Rd8 33. Rxd8 Rxd8 34. Rb6 Ne6 35. Rxa6 Bg7 36. Bg3 Nd4 37. Bc7 Rc8 38. Bb6 Kh7 39. Bc5 Ne6 40. Be3 Rd8 41. Ra5 Rd5 42. a4 Rd1+ 43. Kg2 bxa4 44. Rxa4 Ra1 45. Rxa1 Bxa1 46. Kf3 Nc7 47. Ke4 Bc3 48. Bc5 Na6 49. f4 gxf4 50. Bd6 Nxb4 51. Bxf4 Kg6 52. h4 Bf6 53. h5+ Kg7 54. Kf5 Nd5 55. Bd2 Ne7+ 56. Ke4 Bg5 57. Bc3+ Kf8 58. Bb4 Ke8 59. Ba3 Kd7 60. Ke5 f6+ 61. Ke4 Ke6 62. Bb2 Nc6 63. Kf3 Ne5+ 64. Kg3 Kd5 65. Ba3 Ke4 66. Bb4 Bf4+ 67. Kg2 Nxg4 0-1

[Event "Regionalliga SO 9899"]
[Site "Bayern"]
[Date "1998.??.??"]
[Round "2.5"]
[White "Doerfler, Guenther"]
[Black "Bauer, Robert"]
[Result "1-0"]
[WhiteElo "2020"]
[BlackElo "2025"]
[PlyCount "67"]
[EventDate "1998.??.??"]
[EventType "team-tourn"]
[EventRounds "9"]
[EventCountry "GER"]
[SourceTitle "EXT 2020"]
[Source "ChessBase"]
[SourceDate "2019.10.17"]
[SourceVersion "1"]
[SourceVersionDate "2019.10.17"]
[SourceQuality "1"]
[WhiteTeam "Deggendorf"]
[BlackTeam "Freising SK"]
[WhiteTeamCountry "GER"]
[BlackTeamCountry "GER"]

1. e4 d5 2. exd5 Nf6 3. d4 Bg4 4. Be2 Bxe2 5. Qxe2 Qxd5 6. Nf3 Nc6 7. Be3 0-0-0 8. 0-0 Qh5 9. c4 e6 10. Nc3 Bb4 11. a3 Bxc3 12. bxc3 Qa5 13. Qc2 Qa6 14. Nd2 Na5 15. Qa4 Nd7 16. c5 b5 17. cxb6 Nxb6 18. Qc2 Nac4 19. Qd3 Qa4 20. Ne4 Qc6 21. Rfb1 a5 22. Rb3 Rd5 23. Qe2 h6 24. Nc5 g5 25. Rab1 Kd8 26. Qf3 Ke7 27. Re1 a4 28. Rb4 Nxa3 29. Qe2 Rxc5 30. dxc5 Nd5 31. Qb2 Nxb4 32. cxb4 Rb8 33. Qxa3 Qe4 34. Bxg5+ 1-0

[Event "Regionalliga SO 9798"]
[Site "Bayern"]
[Date "1998.??.??"]
[Round "?.4"]
[White "Doerfler, Guenther"]
[Black "Heyne, Martin"]
[Result "0-1"]
[WhiteElo "2045"]
[BlackElo "2075"]
[PlyCount "46"]
[EventDate "1997.10.19"]
[EventType "team-tourn"]
[EventRounds "9"]
[EventCountry "GER"]
[SourceTitle "EXT 2020"]
[Source "ChessBase"]
[SourceDate "2019.10.17"]
[SourceVersion "1"]
[SourceVersionDate "2019.10.17"]
[SourceQuality "1"]
[WhiteTeam "Deggendorf"]
[BlackTeam "Waldkirchen TSV"]
[WhiteTeamCountry "GER"]
[BlackTeamCountry "GER"]

1. e4 c5 2. Nf3 Nc6 3. Bb5 d6 4. Bxc6+ bxc6 5. 0-0 g6 6. d4 cxd4 7. Qxd4 e5 8. Qa4 Qc7 9. c4 Nf6 10. Nc3 Bg7 11. c5 Bg4 12. cxd6 Qxd6 13. Nxe5 Qxe5 14. Qxc6+ Ke7 15. b3 Rhc8 16. Ba3+ Kd8 17. Rad1+ Bd7 18. Bd6 Qxc3 19. Bc7+ Rxc7 20. Qxa8+ Ke7 21. e5 Ng4 22. e6 fxe6 23. h3 Nf6 0-1

[Event "Regionalliga SO 9697"]
[Site "Bayern"]
[Date "1997.02.02"]
[Round "5"]
[White "Kalwa, Johannes S"]
[Black "Doerfler, Guenther"]
[Result "1/2-1/2"]
[WhiteElo "1980"]
[BlackElo "2040"]
[PlyCount "99"]
[EventDate "1996.10.13"]
[EventType "team-tourn"]
[EventRounds "9"]
[EventCountry "GER"]
[SourceTitle "EXT 1999"]
[Source "ChessBase"]
[SourceDate "1998.11.16"]
[SourceVersion "1"]
[SourceVersionDate "1998.11.16"]
[SourceQuality "1"]
[WhiteTeam "Unterpfaff Germering"]
[BlackTeam "Deggendorf"]
[WhiteTeamCountry "GER"]
[BlackTeamCountry "GER"]

1. Nf3 d5 2. g3 Nf6 3. Bg2 c6 4. 0-0 Bf5 5. d3 h6 6. Nbd2 e6 7. Re1 Be7 8. h3 0-0 9. Nh2 Bg6 10. e4 dxe4 11. dxe4 Na6 12. Qe2 Nc5 13. Ng4 Qc7 14. f4 Rfe8 15. Kh2 Nfd7 16. a4 h5 17. Nf2 h4 18. Nf1 hxg3+ 19. Nxg3 Nf6 20. Ng4 Ncd7 21. c3 Kf8 22. e5 Nh5 23. Nxh5 Bxh5 24. Bf3 Nc5 25. Be3 Red8 26. Nf2 Bg6 27. Bxc5 Bxc5 28. Ne4 Be7 29. Rg1 Qb6 30. Rg2 Qa6 31. Qf2 Qc4 32. Qe2 Qxe2 33. Rxe2 Rd3 34. Bg4 Rad8 35. Rg1 R8d5 36. Rgg2 Ra5 37. Nf2 Rd8 38. b3 Rc5 39. c4 b5 40. axb5 cxb5 41. Bxe6 fxe6 42. Rxg6 Kf7 43. Rg2 bxc4 44. Ne4 Rcc8 45. bxc4 Rxc4 46. Rg3 Rdd4 47. Rge3 a5 48. Kg3 a4 49. Kf3 a3 50. Nd6+ 1/2-1/2

[Event "Regionalliga SO 9798"]
[Site "Bayern"]
[Date "1997.??.??"]
[Round "?.3"]
[White "Jergler, Karl Heinz"]
[Black "Doerfler, Guenther"]
[Result "1-0"]
[WhiteElo "2170"]
[BlackElo "2045"]
[PlyCount "141"]
[EventDate "1997.10.19"]
[EventType "team-tourn"]
[EventRounds "9"]
[EventCountry "GER"]
[SourceTitle "EXT 2020"]
[Source "ChessBase"]
[SourceDate "2019.10.17"]
[SourceVersion "1"]
[SourceVersionDate "2019.10.17"]
[SourceQuality "1"]
[WhiteTeam "Ebersberg Grafing"]
[BlackTeam "Deggendorf"]
[WhiteTeamCountry "GER"]
[BlackTeamCountry "GER"]

1. e4 c5 2. c3 Nf6 3. e5 Nd5 4. d4 cxd4 5. Nf3 e6 6. Qxd4 Nc6 7. Qe4 d6 8. exd6 Bxd6 9. Bc4 Nf6 10. Qe2 0-0 11. 0-0 Qc7 12. Nbd2 b6 13. Bd3 Rd8 14. Nc4 Be7 15. Bg5 Ba6 16. Nce5 Bxd3 17. Nxd3 Nd5 18. Bxe7 Ncxe7 19. Rad1 Ng6 20. g3 Qc4 21. Nc1 Qg4 22. Nd4 Qh3 23. Qf3 Ne5 24. Qg2 Qxg2+ 25. Kxg2 Nc4 26. Nd3 e5 27. Nc6 Re8 28. b3 Na5 29. Nxa5 bxa5 30. Rc1 e4 31. Nf4 Nxf4+ 32. gxf4 Red8 33. Rfd1 f5 34. Kf1 Kf7 35. Ke2 Ke6 36. Ke3 Rac8 37. c4 g6 38. f3 exf3 39. Kxf3 a4 40. h4 axb3 41. axb3 Rb8 42. Rxd8 Rxd8 43. Ke3 Rb8 44. Rc3 Kd6 45. Kd4 Kc6 46. Re3 Rd8+ 47. Kc3 a5 48. Re6+ Kb7 49. Re7+ Kb6 50. Rxh7 Rd1 51. Rh6 Rf1 52. Rxg6+ Kc5 53. Ra6 Rf3+ 54. Kb2 Rxf4 55. Rxa5+ Kd4 56. Rd5+ Ke4 57. Kc3 Rf3+ 58. Kb4 Rh3 59. Rd8 f4 60. Re8+ Kd4 61. c5 Rxh4 62. Rd8+ Ke5 63. c6 f3+ 64. Kc5 f2 65. Rd1 Rf4 66. Rf1 Ke6 67. b4 Rf5+ 68. Kb6 Rf8 69. b5 Rf5 70. c7 Kd7 71. Rd1+ 1-0

[Event "Regionalliga SO 9495"]
[Site "Bayern"]
[Date "1995.??.??"]
[Round "?.3"]
[White "Doerfler, Guenther"]
[Black "Fischer, Michael2222"]
[Result "1/2-1/2"]
[WhiteElo "1990"]
[BlackElo "2070"]
[PlyCount "42"]
[EventDate "1994.10.??"]
[EventType "team-tourn"]
[EventRounds "9"]
[EventCountry "GER"]
[SourceTitle "EXT 1999"]
[Source "ChessBase"]
[SourceDate "1998.11.16"]
[SourceVersion "1"]
[SourceVersionDate "1998.11.16"]
[SourceQuality "1"]
[WhiteTeam "Deggendorf"]
[BlackTeam "Straubing SC"]
[WhiteTeamCountry "GER"]
[BlackTeamCountry "GER"]

1. e4 c5 2. Nf3 d6 3. Bb5+ Nd7 4. d4 cxd4 5. Qxd4 a6 6. Bxd7+ Bxd7 7. c4 Nf6 8. Bg5 e6 9. Nc3 Be7 10. 0-0 Qc7 11. Rfe1 0-0 12. Rad1 Rfd8 13. b3 Rac8 14. e5 dxe5 15. Nxe5 Be8 16. Qe3 Rxd1 17. Rxd1 Rd8 18. Rxd8 Qxd8 19. Qd3 Qa5 20. Nf3 Bc6 21. Bd2 Qd8 1/2-1/2

[Event "Regionalliga SO 9495"]
[Site "Bayern"]
[Date "1995.??.??"]
[Round "?.4"]
[White "Haller, Christoph"]
[Black "Doerfler, Guenther"]
[Result "1/2-1/2"]
[WhiteElo "2080"]
[BlackElo "1990"]
[PlyCount "95"]
[EventDate "1994.10.??"]
[EventType "team-tourn"]
[EventRounds "9"]
[EventCountry "GER"]
[SourceTitle "EXT 1999"]
[Source "ChessBase"]
[SourceDate "1998.11.16"]
[SourceVersion "1"]
[SourceVersionDate "1998.11.16"]
[SourceQuality "1"]
[WhiteTeam "Trostberg TSV"]
[BlackTeam "Deggendorf"]
[WhiteTeamCountry "GER"]
[BlackTeamCountry "GER"]

1. d4 d5 2. c4 c6 3. Nf3 Nf6 4. e3 e6 5. Nc3 Be7 6. b3 0-0 7. Bd3 b6 8. 0-0 Nbd7 9. Qe2 Bb7 10. e4 dxe4 11. Nxe4 c5 12. Bb2 Nxe4 13. Bxe4 Bxe4 14. Qxe4 Bf6 15. Rad1 Qc7 16. Rd2 Rad8 17. Rfd1 h6 18. g4 cxd4 19. Nxd4 Nc5 20. Qf3 a6 21. Ba3 Bg5 22. Rb2 e5 23. Nf5 e4 24. Qe2 Rxd1+ 25. Qxd1 Rd8 26. Qe2 Nd3 27. Rb1 Qe5 28. Rd1 Kh7 29. Bd6 Qe6 30. Bg3 h5 31. Nd6 Nf4 32. Bxf4 Bxf4 33. Nf5 Rxd1+ 34. Qxd1 g6 35. Ne3 Bxe3 36. fxe3 Qxg4+ 37. Qxg4 hxg4 38. b4 Kg7 39. Kf2 f5 40. Kg3 g5 41. Kf2 Kf7 42. Kg3 Ke6 43. Kf2 f4 44. Ke2 Kd6 45. Kf2 a5 46. a3 axb4 47. axb4 Ke5 48. Ke2 1/2-1/2